Экономика знаний / ДО 2023: электронный курс

Podrobná bibliografie
Hlavní autor: Барышева Г. А. Галина Анзельмовна
Korporativní autor: Национальный исследовательский Томский политехнический университет Управление проректора по науке и стратегическим проектам Бизнес-школа
Shrnutí:Заглавие с экрана
Курс предназначен для обучения студентов направления 38.03.01 «Экономика, основанная на данных» во втором семестре первого курса. Основной целью курса "Экономика знаний" является формирование способности осуществлять поиск, критический анализ и синтез информации, применять системный подход для решения поставленных задач, а также нетерпимое отношение к проявлениям экстремизма и коррупционного поведения в экономике, основанной на знаниях. Курс предназначен для формирования навыков проведения научно-практических исследований в области экономики знаний. В рамках реализации курса применяются основные экономические категории и методы исследования, формирующие критическое мышление у студентов. Особое внимание в курсе уделяется изучению процесса включенности новых знаний в экономический оборот, его экономических последствий в различных сферах экономической деятельности.
Интерактивный мультимедиа ресурс
AM_Login_TPU
Jazyk:ruština
Vydáno: Томск, TPU Moodle, 2024
Témata:
On-line přístup:https://design.lms.tpu.ru/course/view.php?id=4492
Médium: Elektronický zdroj Kniha
KOHA link:https://koha.lib.tpu.ru/cgi-bin/koha/opac-detail.pl?biblionumber=671182

MARC

LEADER 00000nlm0a2200000 4500
001 671182
005 20241016153255.0
090 |a 671182 
100 |a 20240305d2024 m||y0rusy50 ca 
101 0 |a rus 
102 |a RU 
105 |a a j 000yy 
135 |a jrcn ---uucaa 
181 0 |a i   |b  e  
182 0 |a b 
183 0 |a cr  |2 RDAcarrier 
200 1 |a Экономика знаний / ДО 2023  |e электронный курс  |f Г. А. Барышева  |g Национальный исследовательский Томский политехнический университет, Бизнес-школа 
203 |a Текст  |c электронный  |b визуальный 
210 |a Томск  |c TPU Moodle  |d 2024 
283 |a online_resource  |2 RDAcarrier 
300 |a Заглавие с экрана 
330 |a Курс предназначен для обучения студентов направления 38.03.01 «Экономика, основанная на данных» во втором семестре первого курса. Основной целью курса "Экономика знаний" является формирование способности осуществлять поиск, критический анализ и синтез информации, применять системный подход для решения поставленных задач, а также нетерпимое отношение к проявлениям экстремизма и коррупционного поведения в экономике, основанной на знаниях. Курс предназначен для формирования навыков проведения научно-практических исследований в области экономики знаний. В рамках реализации курса применяются основные экономические категории и методы исследования, формирующие критическое мышление у студентов. Особое внимание в курсе уделяется изучению процесса включенности новых знаний в экономический оборот, его экономических последствий в различных сферах экономической деятельности. 
336 |a Интерактивный мультимедиа ресурс 
371 |a AM_Login_TPU 
606 1 |a Экономика знаний  |9 83868 
610 1 |a электронный ресурс 
610 1 |a труды учёных ТПУ 
610 1 |a электронное обучение 
610 1 |a кампусные онлайн-курсы 
610 1 |a дистанционное образование 
610 1 |a дистанционное обучение 
610 1 |a e-learning 
610 1 |a Moodle 
610 1 |a управление знаниями 
610 1 |a знания 
610 1 |a интеллектуальный капитал 
610 1 |a человеческий капитал 
610 1 |a структурный капитал 
610 1 |a социальный капитал 
686 |2 rubbk  |a У9(2)49я7 
700 1 |a Барышева  |b Г. А.  |c экономист  |c профессор Томского политехнического университета, доктор экономических наук  |f 1961-  |g Галина Анзельмовна  |9 11658 
712 0 2 |a Национальный исследовательский Томский политехнический университет  |c (2009- )  |b Управление проректора по науке и стратегическим проектам  |b Бизнес-школа  |9 26305 
801 0 |a RU  |b 63413507  |c 20240305  |g RCR 
850 |a 63413507 
856 4 |u https://design.lms.tpu.ru/course/view.php?id=4492  |z https://design.lms.tpu.ru/course/view.php?id=4492 
942 |c CF